00547nam a2200205Ia 4500003000400000005001700004008004100021020001800062040000700080041000800087082001700095100001700112245007600129250000700205260006500212300001700277365001200294650001400306650002100320OSt20260105155500.0210719s2020 xx 000 0 und d a9789389949520 cAL aeng a338.954 SINI aRamesh Singh aIndian economy: for civil services universities and other examinations  a12 aChennaibMcGraw Hill Education (India) Private Limitedc2020 axxvi,699bPB b725cRs aEconomics aIndian Economics